00433nam a2200121Ia 4500008004100000100002400041245006300065245007900128260000900207300002700216440004500243650002300288171207s9999 xx 000 0 und d aSehra, Summeet Kaur aResearch patterns and trends in software effort estimation cSumeet Kaur Sehra, Yadwinder Singh Brar, Navdeep Kaur, Sukhjit Singh Sehra c2017 apages 42756, June 2017 aInformation and Software Technologyv91: aSOFTWARE TECHNLOGY